000 00691nam a22002057a 4500
999 _c6332
_d6332
003 AR-CdUCM
008 190314b ||||| |||| 00| 0 spa d
040 _aMUNICIPALIDAD PROVINCIAL DEL CUSCO
_cBIBLIOTECA MUNICIPAL DEL CUSCO
082 _a869.5601 /
_bI59
110 _aInstituto Nacional de Cultura
_99
245 _aAntología poética en quechua /
260 _aLima :
_bINC,
_c2008.
300 _a115 paginas ;
_c22 cm.
505 _aContenido :Aqha -- Mosoq runa, haylli hatani -- Harawi taqe -- Warmakunaq wamaq harawin.
650 _aLiteratura quechua
_97789
650 _aLiteratura peruana
_9169
650 _aCuentos en quechua
_918110
942 _2ddc
_cLIBROS
945 _arum